01437cam a22003734a 450000100090000000300040000900500170001300800410003001000170007102000350008802000330012302000400015602000380019603500130023404000180024704200080026505000230027308200160029624501420031224600340045426000440048830000260053233600260055833700280058433800270061250400640063950501380070365000250084165000380086665000500090470000270095470000240098183000580100513504392OSt20251014083318.0040227s2004 mdu b 001 0 eng  a 2004004796 a0739105507qcloth : alk. paper a0739107399qpbk : alk. paper a9780739105504q(cloth : alk. paper) a9780739107393q(pbk : alk. paper) a13504392 aDLCcDLCdDLC apcc00aHM1126b.C64 2004b00a303.6/922200aConflict prevention from rhetoric to reality.nVolume 2,pOpportunities and innovations /cedited by David Carment and Albrecht Schnabel.30aOpportunities and innovations aLanham, Md. :bLexington Books,cc2004. axiv, 444 p. ;c24 cm. atextbtxt2rdacontent aunmediatedbn2rdamedia avolumebnc2rdacarrier aIncludes bibliographical references (p. 415-421) and index.0 aIntroduction -- Analytical requirements -- Response strategies and capacity building -- The frontiers of applied conflict prevention. 0aConflict management. 0aConflict managementxMethodology. 0aPacific settlement of international disputes.1 aCarment, David,d1959-1 aSchnabel, Albrecht. 0aConflict prevention from rhetoric to reality ;vv. 2.